[Event "Liberec Region-chT 2223"]
[Site "Czech Republic"]
[Date "2023.02.12"]
[Round "8.4"]
[White "Filip, Petr"]
[Black "Hnat, Zdenek"]
[Result "1-0"]
[WhiteElo "1972"]
[BlackElo "1772"]
[PlyCount "53"]
[EventDate "2022.10.09"]
[EventType "team-tourn"]
[EventRounds "11"]
[EventCountry "CZE"]
[SourceTitle "EXT 2024"]
[Source "ChessBase"]
[SourceDate "2023.10.10"]
[SourceVersion "1"]
[SourceVersionDate "2023.10.10"]
[SourceQuality "1"]

1. d4 Nf6 2. Bf4 e6 3. Nf3 c5 4. c3 Nc6 5. e3 Be7 6. Bd3 d5 7. Nbd2 c4 8. Bc2 Nh5 9. Bg3 Nxg3 10. hxg3 f5 11. Ne5 Nxe5 12. dxe5 g6 13. g4 Qc7 14. gxf5 exf5 15. Nf3 Be6 16. g4 fxg4 17. Bxg6+ Kd7 18. Nd4 Qxe5 19. Rh5 Bg5 20. Qa4+ Ke7 21. Bf5 Bxf5 22. Rxg5 Rhf8 23. Qb4+ Ke8 24. Qb5+ Kd8 25. Qxb7 Rc8 26. 0-0-0 Qe4 27. Rxf5 1-0

[Event "Liberec Region-chT 2223"]
[Site "Czech Republic"]
[Date "2022.10.30"]
[Round "2.5"]
[White "Filip, Petr"]
[Black "Sic, Vojtech"]
[Result "1/2-1/2"]
[WhiteElo "1976"]
[BlackElo "1684"]
[PlyCount "42"]
[EventDate "2022.10.09"]
[EventType "team-tourn"]
[EventRounds "11"]
[EventCountry "CZE"]
[SourceTitle "EXT 2024"]
[Source "ChessBase"]
[SourceDate "2023.10.10"]
[SourceVersion "1"]
[SourceVersionDate "2023.10.10"]
[SourceQuality "1"]

1. d4 Nf6 2. Nf3 d5 3. e3 Bf5 4. Bd3 Bxd3 5. Qxd3 e6 6. 0-0 c6 7. Nbd2 Bd6 8. e4 dxe4 9. Nxe4 Nxe4 10. Qxe4 Nd7 11. Bg5 Nf6 12. Qe2 h6 13. Bh4 0-0 14. c4 Be7 15. Bg3 Bd6 16. Rad1 Bxg3 17. hxg3 Re8 18. Rfe1 Qa5 19. a3 Qh5 20. Qe5 Rad8 21. Qxh5 Nxh5 1/2-1/2

[Event "Klatovy op-B 23rd"]
[Site "Klatovy"]
[Date "2017.07.08"]
[Round "8"]
[White "Zilava, Anezka"]
[Black "Filip, Petr"]
[Result "1-0"]
[WhiteElo "1245"]
[BlackElo "1372"]
[PlyCount "109"]
[EventDate "2017.07.01"]
[EventType "swiss"]
[EventRounds "9"]
[EventCountry "CZE"]
[SourceTitle "EXT 2018"]
[Source "ChessBase"]
[SourceDate "2017.10.13"]
[SourceVersion "1"]
[SourceVersionDate "2017.10.13"]
[SourceQuality "1"]

1. e4 e5 2. Nf3 Nc6 3. Bc4 Nf6 4. Nc3 Be7 5. d4 exd4 6. Nxd4 Ne5 7. Bb3 0-0 8. 0-0 c6 9. Bf4 Ng6 10. Bg5 h6 11. Be3 Bb4 12. Qd3 Ne5 13. Qe2 Bxc3 14. bxc3 d5 15. Bf4 Ng6 16. Bg3 Re8 17. e5 Ne4 18. f4 f5 19. Qd3 Nc5 20. Qe3 Qb6 21. Bf2 Ne4 22. h3 Kh8 23. c4 c5 24. Ne2 d4 25. Qf3 Bd7 26. Qh5 a5 27. a4 Re6 28. Rad1 Be8 29. Qxf5 Nxf2 30. Rxf2 Nh4 31. Qf8+ Kh7 32. Ng3 Rd8 33. Ne4 Bg6 34. Qxc5 Qa6 35. Ng3 b6 36. Qa3 Qb7 37. f5 Rxe5 38. fxg6+ Nxg6 39. Rfd2 Nf4 40. Ba2 Rde8 41. Qf3 Ng6 42. Qxb7 Rg5 43. Qf7 Re7 44. Qf2 Re3 45. Rd3 Re6 46. Qxd4 Rge5 47. Qc3 Nf4 48. Rd7 Rg5 49. Re1 Reg6 50. Re3 Nh5 51. Rdd3 Nf4 52. Rd2 Nh5 53. Nxh5 Rxh5 54. Rg3 Rf5 55. Rf2 1-0

[Event "Klatovy op-B 23rd"]
[Site "Klatovy"]
[Date "2017.07.03"]
[Round "3"]
[White "Filip, Petr"]
[Black "Skrivan, Matej"]
[Result "1-0"]
[WhiteElo "1372"]
[BlackElo "1100"]
[PlyCount "61"]
[EventDate "2017.07.01"]
[EventType "swiss"]
[EventRounds "9"]
[EventCountry "CZE"]
[SourceTitle "EXT 2018"]
[Source "ChessBase"]
[SourceDate "2017.10.13"]
[SourceVersion "1"]
[SourceVersionDate "2017.10.13"]
[SourceQuality "1"]

1. d4 d5 2. c4 dxc4 3. Nf3 e5 4. Nxe5 Nc6 5. Nf3 Bb4+ 6. Bd2 Bxd2+ 7. Qxd2 Nf6 8. Qe3+ Be6 9. Qd2 0-0 10. Nc3 Bg4 11. e3 Bxf3 12. gxf3 Qd7 13. Bg2 Rad8 14. 0-0 Ne5 15. Qe2 Nd3 16. Kh1 Rfe8 17. f4 Nxf4 18. Qf3 Nxg2 19. Qxg2 Ng4 20. Ne4 Nxf2+ 21. Rxf2 g6 22. Nf6+ Kh8 23. Nxd7 Rxd7 24. Re1 Rxd4 25. Rf3 c3 26. bxc3 Rde4 27. Qf2 b5 28. Rxf7 Kg8 29. Rxc7 b4 30. Qf7+ Kh8 31. Qxh7# 1-0